000 00596nam a2200229Ia 4500
003 OSt
005 20220924153328.0
006 a|||||r|||| 00| 0
007 ta
008 220923b |||||||| |||| 00| 0 guj d
024 _a347889
037 _cTextual
040 _aARTS
_cARTS
_bguj
041 _2guj
_aguj
082 _aV2,41.N5, 156H8
100 _aKothari Vithal Das Maganlal
_9228531
245 0 _aMahasabhana tharavo
260 _c1948
650 _aHISTORY
942 _hV2,41.N5, 156H8
_cTEXL
_2CC
999 _c473162
_d473162